Normal view
MARC view
- DR SYED WAHEED UL HAQ
Entry Corporate Name
001 - CONTROL NUMBER
- control field: 108270
003 - CONTROL NUMBER IDENTIFIER
- control field: NUST
005 - DATE AND TIME OF LATEST TRANSACTION
- control field: 20230131143030.0
008 - FIXED-LENGTH DATA ELEMENTS
- fixed length control field: 230131|| aca||aabn | a|a d
040 ## - CATALOGING SOURCE
- Original cataloging agency: NUST
- Transcribing agency: NUST
110 ## - HEADING--CORPORATE NAME
- Corporate name or jurisdiction name as entry element: DR SYED WAHEED UL HAQ
670 ## - SOURCE DATA FOUND
- Source citation: Work cat.: (NUST): MUHAMMAD HAIDER 108269, TH-SOF-0878-MULTI-DOMAIN MODELING OF PAN TILT PLATFORM WITH MECHANICAL IMPERFECTIONS, 2022.
